Clockwise : upper-intermediate : classbook

Αποθηκεύτηκε σε:
Λεπτομέρειες βιβλιογραφικής εγγραφής
Κύριος συγγραφέας: Naunton, Jon
Μορφή: Βιβλίο
Γλώσσα:English
Δημοσίευση: Oxford : Oxford University Press, 2000
Σειρά:Short course series
Θέματα:
Ετικέτες: Προσθήκη ετικέτας
Δεν υπάρχουν, Καταχωρήστε ετικέτα πρώτοι!

MARC

LEADER 00000cam a2200000 i 4500
001 1/43171
008 031024s2000 eng d
020 |a 0-19-434082-1 
035 |l 10071301 
040 |a GR-MY-UA  |b gre  |e aacr 
041 0 |a eng 
082 0 |a 428.2 
100 1 |a Naunton, Jon. 
245 1 0 |a Clockwise :  |b upper-intermediate : classbook /  |c Jon Naunton 
260 |a Oxford :   |b Oxford University Press,   |c 2000 
300 |a 119 σ.;  |b έγχρ. εικ.;  |c 28 εκ. 
490 1 |a Short course series 
650 0 0 |a English language  |v Textbooks for foreign speakers. 
650 0 0 |a English language  |x Study and teaching  |x Foreign speakers. 
830 0 |a Short course series 
852 |a INST  |b LESVOS  |e 20031024  |h 428.2 NAU  |p 005100029689  |q 005100029689  |t BK  |y 0 
901 |a BIBL1-2003-3 
909 |a Λ  |b 104193 
970 |a ΚΑΡΑ  |b ΓΙΑΣΕΜΗ  |z 2003/10/24